Asian Americans and the spirit of racial capitalism /

Any serious consideration of Asian American life forces us to reframe the way we talk about racism and antiracism. The current emphasis on racial identity obscures the political economic basis that makes racialized life in America legible. This is especially true when it comes to Asian Americans. Th...

Full description

Bibliographic Details
Main Author: Tran, Jonathan (Author)
Format: Book
Language:English
Published: New York : Oxford University Press, [2022].
Series:Reflection and theory in the study of religion.
Subjects:

MARC

Tag First Indicator Second Indicator Subfields
LEADER 00000cam a2200000Ii 4500
001 in00004558721
003 OCoLC
005 20220325140041.8
008 210501t20222022nyua b 001 0 eng d
035 |a (OCoLC)1249077359 
040 |a DLC  |e rda  |c DLC 
020 |a 0197617913 
020 |a 9780197617915 
020 |a 0197587909 
020 |a 9780197587904 
050 0 0 |a E184.A75  |b T73 2022 
082 0 0 |a 305.895073  |2 23 
100 1 |a Tran, Jonathan,  |e author. 
245 1 0 |a Asian Americans and the spirit of racial capitalism /  |c Jonathan Tran. 
264 1 |a New York :  |b Oxford University Press,  |c [2022]. 
264 4 |c ©2022. 
300 |a xxvii, 339 pages :  |b illustrations ;  |c 25 cm. 
336 |a text  |b txt  |2 rdacontent 
337 |a unmediated  |b n  |2 rdamedia 
338 |a volume  |b nc  |2 rdacarrier 
490 1 |a AAR reflection and theory in the study of religion series 
504 |a Includes bibliographical references (pages [299]-328) and index. 
505 0 |a Part I: The Delta Chinese -- Remythologizing the model minority myth: the Chinese question -- A moving picture of racial capitalism -- Becoming White in the White/Black binary -- Part II: Redeemer Community Church -- Redeemer Community Church and all that lies beneath -- Deep economy: Dayspring's doxology -- Rise University Preparatory and the politics of hope -- Postscript: beyond Marxism. 
520 |a Any serious consideration of Asian American life forces us to reframe the way we talk about racism and antiracism. The current emphasis on racial identity obscures the political economic basis that makes racialized life in America legible. This is especially true when it comes to Asian Americans. This book reframes the conversation in terms of what has been called "racial capitalism" and utilizes two extended case studies to show how Asian Americans perpetuate and resist its political economy. 
650 0 |a Asian Americans  |x Social conditions. 
651 0 |a United States  |x Race relations. 
650 0 |a Racism  |z United States. 
830 0 |a Reflection and theory in the study of religion. 
945 |b 219652 
947 |a A14851669896 
948 |a dmitchel 3/25/22 9.00.00 
980 |b print  |c 40030894301  |f NONFIC/B  |g 565714  |k USD  |m 80.19  |q 1  |s AcqMono Conventional  |t Approval plan  |u Vendor order reference number  |v ZYBP  |y Print approval  |z Physical resource 
999 f f |i 37dbb7cd-5308-476d-a811-5fa072e7d06d  |s 9e683976-f090-4f1f-aaf6-bfbbed5faf2c  |t 0 
952 f f |p normal  |a Texas A&M University  |b College Station  |c Sterling C. Evans Library  |s Evans stk  |d Evans: Library Stacks  |t 0  |e E184.A75 T73 2022  |h Library of Congress classification  |i unmediated -- volume  |m A14851669896